000 00533 a2200169 4500
020 _a0750650508
020 _a0750650508
020 _a0750650508 (v. 3)
082 _a624.17 ZIE
100 _aZienkiewicz, O. C.
245 _aThe finite element method : Fluid Dynamics [vol-3] /
_cO.C. Zienkiewicz, R.L. Taylor.
250 _a5th ed.
260 _aOxford ;
_aBoston :
_bButterworth-Heinemann,
_c2000.
300 _a334p. :
_bill. ;
_c26 cm.
650 _aStructural analysis (Engineering)
650 _aContinuum mechanics.
650 _aFinite element method.
999 _c1213
_d1213